[Event "43. Olimpiada Batumi 2018 Femenina"]
[Site "Batumi GEO"]
[Date "2018.10.01"]
[Round "7.1"]
[White "Thorsteinsdottir, Gudlaug"]
[Black "Geldiyeva, Mahri"]
[Result "1-0"]
[WhiteElo "1981"]
[BlackElo "2139"]
[PlyCount "141"]
[EventDate "2018.09.24"]
[EventType "team-swiss"]
[EventRounds "11"]
[EventCountry "GEO"]
[SourceTitle "Ajedrez en Madrid"]
[Source "lmi"]
[SourceDate "2018.09.24"]
[WhiteTeam "Iceland"]
[BlackTeam "Turkmenistan"]
[WhiteTeamCountry "ISL"]
[BlackTeamCountry "TKM"]

1. d4 Nf6 2. c4 e6 3. Nf3 b6 4. Nc3 Bb4 5. Qc2 Bb7 6. a3 Bxc3+ 7. Qxc3 Ne4 8.
Qc2 O-O 9. Bf4 d6 10. e3 Nd7 11. Rd1 f5 12. h3 Qf6 13. Nd2 e5 14. dxe5 dxe5 15.
Bh2 Rad8 16. Nxe4 Bxe4 17. Qc3 Rfe8 18. c5 bxc5 19. Bc4+ Kh8 20. O-O Qe7 21.
Bd5 Bxd5 22. Rxd5 c6 23. Rd2 Nf6 24. Rxd8 Rxd8 25. Qxe5 Qxe5 26. Bxe5 Ne4 27.
Rc1 Rd5 28. Bb8 a6 29. Ba7 h5 30. h4 c4 31. Rxc4 Rd1+ 32. Kh2 Nxf2 33. Rxc6 f4
34. exf4 Ng4+ 35. Kh3 Rd3+ 36. g3 Rd2 37. Bg1 Rxb2 38. Rxa6 Ra2 39. a4 Kh7 40.
a5 Ra1 41. Kg2 Ra2+ 42. Kf3 Ra3+ 43. Ke4 Nf6+ 44. Kf5 Rxg3 45. Bd4 Nd5 46. Ra7
Rg6 47. Bxg7 Rxg7 48. Rxg7+ Kxg7 49. a6 Ne7+ 50. Kg5 Nc6 51. Kxh5 Kf6 52. Kg4
Na7 53. h5 Nc6 54. f5 Na7 55. h6 Nc6 56. Kh5 Na7 57. Kg4 Nc6 58. Kf4 Na7 59.
Kf3 Nc6 60. Ke4 Kf7 61. Ke3 Kf6 62. Kd2 Kf7 63. Kc3 Kf6 64. Kc4 Na7 65. Kc5 Kf7
66. Kb6 Nc8+ 67. Kc7 Na7 68. Kb7 Nb5 69. a7 Nxa7 70. Kxa7 Kg8 71. f6 1-0

[Event "43. Olimpiada Batumi 2018 Femenina"]
[Site "Batumi GEO"]
[Date "2018.10.01"]
[Round "7.2"]
[White "Hallaeva, Bahar"]
[Black "Davidsdottir, Nansy"]
[Result "1-0"]
[WhiteElo "2098"]
[BlackElo "1945"]
[PlyCount "105"]
[EventDate "2018.09.24"]
[EventType "team-swiss"]
[EventRounds "11"]
[EventCountry "GEO"]
[SourceTitle "Ajedrez en Madrid"]
[Source "lmi"]
[SourceDate "2018.09.24"]
[WhiteTeam "Turkmenistan"]
[BlackTeam "Iceland"]
[WhiteTeamCountry "TKM"]
[BlackTeamCountry "ISL"]

1. e4 c5 2. Nf3 e6 3. c3 Nf6 4. e5 Nd5 5. d4 cxd4 6. cxd4 d6 7. a3 Bd7 8. Bd3
Bc6 9. O-O Nd7 10. b4 a6 11. Re1 dxe5 12. dxe5 N7b6 13. Qe2 Be7 14. Bd2 O-O 15.
Nc3 Rc8 16. Ne4 Na4 17. Rab1 Kh8 18. Rec1 a5 19. b5 Bd7 20. Rxc8 Bxc8 21. Bc2
Nab6 22. Qd3 Nd7 23. Nc3 g6 24. Nxd5 Nc5 25. Qc3 Qxd5 26. Qxa5 Qa2 27. Qc3 Rd8
28. Ra1 Qd5 29. Bg5 Bxg5 30. Nxg5 Kg7 31. h4 Nd7 32. Re1 h6 33. Nf3 Qxb5 34. h5
Qc5 35. Qd3 Qd5 36. Qe3 Qc5 37. Qe4 Qc6 38. Qe2 Nc5 39. hxg6 fxg6 40. Bb1 Na4
41. Qe3 Nc3 42. Bc2 Qc4 43. Nd2 Qd4 44. Qg3 Qxd2 45. Qxg6+ Kf8 46. Re3 Ne2+ 47.
Kh2 Rd4 48. Rf3+ Rf4 49. Qxh6+ Ke8 50. Bg6+ Ke7 51. Qh7+ Kf8 52. Qh8+ Ke7 53.
Qe8# 1-0

[Event "43. Olimpiada Batumi 2018 Femenina"]
[Site "Batumi GEO"]
[Date "2018.10.01"]
[Round "7.3"]
[White "Johannsdottir, Johanna Bjorg"]
[Black "Ovezdurdiyeva, Jemal"]
[Result "0-1"]
[WhiteElo "1900"]
[BlackElo "2075"]
[PlyCount "72"]
[EventDate "2018.09.24"]
[EventType "team-swiss"]
[EventRounds "11"]
[EventCountry "GEO"]
[SourceTitle "Ajedrez en Madrid"]
[Source "lmi"]
[SourceDate "2018.09.24"]
[WhiteTeam "Iceland"]
[BlackTeam "Turkmenistan"]
[WhiteTeamCountry "ISL"]
[BlackTeamCountry "TKM"]

1. e4 c5 2. Nf3 d6 3. Bc4 Nf6 4. d3 Bg4 5. e5 d5 6. Bb3 Ng8 7. h3 Bh5 8. e6
fxe6 9. g4 Bg6 10. Ne5 Nf6 11. Ba4+ Nbd7 12. g5 Qa5+ 13. Nc3 O-O-O 14. gxf6
Nxe5 15. fxe7 Bxe7 16. Bd2 Bf6 17. Bb3 c4 18. d4 cxb3 19. dxe5 bxc2 20. Qe2 Be7
21. O-O Qb6 22. Na4 Qd4 23. b3 Bd3 24. Bc3 Bxe2 25. Bxd4 Bxf1 26. Rxf1 Bg5 27.
f4 Rhf8 28. Rc1 Rxf4 29. Rxc2+ Kb8 30. Bf2 d4 31. Nc5 d3 32. Nxd3 Rxd3 33. Bc5
b6 34. Bd6+ Kb7 35. Rc7+ Ka6 36. Rxg7 Bh4 0-1

[Event "43. Olimpiada Batumi 2018 Femenina"]
[Site "Batumi GEO"]
[Date "2018.10.01"]
[Round "7.4"]
[White "Shohradowa, Lala"]
[Black "Fridthjofsdottir, Sigurl. Regina"]
[Result "1-0"]
[WhiteElo "1950"]
[BlackElo "1724"]
[PlyCount "101"]
[EventDate "2018.09.24"]
[EventType "team-swiss"]
[EventRounds "11"]
[EventCountry "GEO"]
[SourceTitle "Ajedrez en Madrid"]
[Source "lmi"]
[SourceDate "2018.09.24"]
[WhiteTeam "Turkmenistan"]
[BlackTeam "Iceland"]
[WhiteTeamCountry "TKM"]
[BlackTeamCountry "ISL"]

1. d4 d5 2. c4 c6 3. Nf3 Nf6 4. Nc3 dxc4 5. a4 Bf5 6. e3 e6 7. Bxc4 Bb4 8. Qb3
a5 9. O-O O-O 10. Na2 c5 11. Rd1 Qc7 12. Nxb4 cxb4 13. Bd2 Nc6 14. Rac1 Qe7 15.
Be1 Rfd8 16. Nd2 Bg4 17. f3 Bh5 18. Bg3 Rac8 19. Nf1 h6 20. Bf2 Bg6 21. Ng3 h5
22. Ne2 Nd7 23. Nf4 Qf6 24. d5 Nc5 25. Qa2 Ne5 26. dxe6 Rxd1+ 27. Rxd1 Nxc4 28.
Qxc4 fxe6 29. Nxg6 Qxg6 30. e4 Qe8 31. Bxc5 b6 32. Qa6 Rxc5 33. Qxb6 Qe7 34.
Qd8+ Qxd8 35. Rxd8+ Kf7 36. Rd2 Rc1+ 37. Kf2 Ra1 38. b3 Rb1 39. Rd3 Rb2+ 40.
Kg3 Kf6 41. f4 g6 42. Kf3 Rc2 43. h3 h4 44. Rd7 Rc3+ 45. Kg4 Rg3+ 46. Kxh4 Rxg2
47. Ra7 Rb2 48. Kg4 Rg2+ 49. Kf3 Rb2 50. e5+ Kf5 51. Rf7# 1-0

[Event "43. Olimpiada Batumi 2018 Femenina"]
[Site "Batumi GEO"]
[Date "2018.10.01"]
[Round "7.1"]
[White "Agrest, Inna"]
[Black "Bouah, Denise"]
[Result "1-0"]
[WhiteElo "2283"]
[BlackElo "1780"]
[PlyCount "63"]
[EventDate "2018.09.24"]
[EventType "team-swiss"]
[EventRounds "11"]
[EventCountry "GEO"]
[SourceTitle "Ajedrez en Madrid"]
[Source "lmi"]
[SourceDate "2018.09.24"]
[WhiteTeam "Sweden"]
[BlackTeam "South Africa"]
[WhiteTeamCountry "SWE"]
[BlackTeamCountry "RSA"]

1. e4 c5 2. Nf3 e6 3. d4 cxd4 4. Nxd4 Nc6 5. Nc3 Qc7 6. Be3 a6 7. Qf3 Ne5 8.
Qg3 Nf6 9. O-O-O h5 10. f4 Nc4 11. Bxc4 Qxc4 12. e5 Ng4 13. Kb1 Nxe3 14. Qxe3
b5 15. Nb3 a5 16. Rd4 Qc6 17. Rd2 Bb4 18. Nd4 Qc5 19. Rd3 Ba6 20. Ne4 Qa7 21.
Qg3 Kf8 22. f5 Bc5 23. Nb3 Bb6 24. Rhd1 d5 25. exd6 exf5 26. d7 Rd8 27. Qd6+
Kg8 28. Nf6+ gxf6 29. Rg3+ Kh7 30. Qxf6 Rhg8 31. Qxf7+ Kh6 32. Rd6+ 1-0

[Event "43. Olimpiada Batumi 2018 Femenina"]
[Site "Batumi GEO"]
[Date "2018.10.01"]
[Round "7.2"]
[White "Fisher, Michelle M"]
[Black "Bengtsson, Jessica"]
[Result "0-1"]
[WhiteElo "1707"]
[BlackElo "1986"]
[PlyCount "94"]
[EventDate "2018.09.24"]
[EventType "team-swiss"]
[EventRounds "11"]
[EventCountry "GEO"]
[SourceTitle "Ajedrez en Madrid"]
[Source "lmi"]
[SourceDate "2018.09.24"]
[WhiteTeam "South Africa"]
[BlackTeam "Sweden"]
[WhiteTeamCountry "RSA"]
[BlackTeamCountry "SWE"]

1. e4 e5 2. Nf3 Nc6 3. d4 exd4 4. Nxd4 Bc5 5. Be3 Qf6 6. c3 Nge7 7. Nc2 d6 8.
Bxc5 dxc5 9. Nd2 Be6 10. Qf3 Qg6 11. Qg3 O-O-O 12. Qxg6 Nxg6 13. O-O-O Nge5 14.
Ne3 Nd3+ 15. Bxd3 Rxd3 16. Nb3 Rxd1+ 17. Rxd1 b6 18. Nd5 Re8 19. f4 Bg4 20. Re1
Bf5 21. Nd2 f6 22. Re3 Be6 23. Rg3 Rg8 24. Nf3 Bxd5 25. exd5 Ne7 26. Nh4 c4 27.
b3 b5 28. bxc4 bxc4 29. Re3 Nxd5 30. Re4 Nxc3 31. Rxc4 Nd5 32. Nf5 Kb7 33. Rd4
c6 34. g3 g6 35. Nd6+ Kb6 36. Ne4 h6 37. Kd2 f5 38. Nf2 Kc5 39. Ra4 Rg7 40.
Nd3+ Kb5 41. Rd4 Re7 42. a4+ Kb6 43. Ne5 Re6 44. Nd7+ Kc7 45. Nc5 Rd6 46. Kd3
Kb6 47. Nb3 c5 0-1

[Event "43. Olimpiada Batumi 2018 Femenina"]
[Site "Batumi GEO"]
[Date "2018.10.01"]
[Round "7.3"]
[White "Blazekovic, Nina"]
[Black "Selkirk, Rebecca"]
[Result "0-1"]
[WhiteElo "1819"]
[BlackElo "1733"]
[PlyCount "72"]
[EventDate "2018.09.24"]
[EventType "team-swiss"]
[EventRounds "11"]
[EventCountry "GEO"]
[SourceTitle "Ajedrez en Madrid"]
[Source "lmi"]
[SourceDate "2018.09.24"]
[WhiteTeam "Sweden"]
[BlackTeam "South Africa"]
[WhiteTeamCountry "SWE"]
[BlackTeamCountry "RSA"]

1. e4 c6 2. d4 d5 3. exd5 cxd5 4. c4 Nf6 5. Nc3 e6 6. Nf3 Bb4 7. cxd5 Nxd5 8.
Bd2 O-O 9. Bd3 Nc6 10. O-O Be7 11. a3 Bf6 12. Nxd5 exd5 13. Bc3 Bg4 14. Be2 Re8
15. Re1 Bxf3 16. Bxf3 Rxe1+ 17. Qxe1 Bxd4 18. Rd1 Bxc3 19. Qxc3 d4 20. Qb3 Qd7
21. h3 g6 22. Qb5 Rd8 23. b4 d3 24. Kf1 d2 25. Bxc6 bxc6 26. Qe2 Qd4 27. f3 Qc3
28. Qe7 Qd3+ 29. Qe2 Qxa3 30. Qe7 Qd3+ 31. Qe2 Qd4 32. Qe7 Rd7 33. Qe8+ Kg7 34.
Ke2 Qd6 35. Kf2 Re7 36. Qc8 Qd4+ 0-1

[Event "43. Olimpiada Batumi 2018 Femenina"]
[Site "Batumi GEO"]
[Date "2018.10.01"]
[Round "7.4"]
[White "Van Zyl, Charlize"]
[Black "Zaritovskaja, Margarita"]
[Result "0-1"]
[WhiteElo "1664"]
[BlackElo "1731"]
[PlyCount "78"]
[EventDate "2018.09.24"]
[EventType "team-swiss"]
[EventRounds "11"]
[EventCountry "GEO"]
[SourceTitle "Ajedrez en Madrid"]
[Source "lmi"]
[SourceDate "2018.09.24"]
[WhiteTeam "South Africa"]
[BlackTeam "Sweden"]
[WhiteTeamCountry "RSA"]
[BlackTeamCountry "SWE"]

1. c4 Nf6 2. Nc3 c5 3. g3 Nc6 4. Bg2 d6 5. a3 g6 6. Nf3 Bg7 7. d3 O-O 8. O-O
Bd7 9. Rb1 a5 10. Bd2 Qc8 11. Bg5 Rb8 12. Nd5 Qd8 13. Bxf6 exf6 14. Nd2 Ne7 15.
b4 Nxd5 16. Bxd5 b5 17. cxb5 Bxb5 18. a4 Bd7 19. b5 Be6 20. Qb3 Re8 21. e3 f5
22. Rfc1 g5 23. Qc4 f4 24. exf4 gxf4 25. Bxe6 fxe6 26. Qxf4 Rf8 27. Qg4 Rf5 28.
Ne4 Kh8 29. Rc2 Bd4 30. Kg2 Qe7 31. f4 Rg8 32. Qe2 Rxf4 33. Rf1 Rfg4 34. Qf3
Be5 35. Qf7 Qh4 36. Qxe6 Bxg3 37. Qf6+ Qxf6 38. Nxf6 Be5+ 39. Nxg4 Rxg4+ 0-1

[Event "43. Olimpiada Batumi 2018 Femenina"]
[Site "Batumi GEO"]
[Date "2018.10.01"]
[Round "7.1"]
[White "Paehtz, Elisabeth"]
[Black "Mucha, Annegret"]
[Result "1-0"]
[WhiteElo "2513"]
[BlackElo "2044"]
[PlyCount "114"]
[EventDate "2018.09.24"]
[EventType "team-swiss"]
[EventRounds "11"]
[EventCountry "GEO"]
[SourceTitle "Ajedrez en Madrid"]
[Source "lmi"]
[SourceDate "2018.09.24"]
[WhiteTeam "Germany"]
[BlackTeam "ICCD"]
[WhiteTeamCountry "GER"]

1. e4 c5 2. Ne2 d6 3. g3 Nc6 4. Bg2 g6 5. c3 Bg7 6. d4 cxd4 7. cxd4 e5 8. dxe5
dxe5 9. Qxd8+ Nxd8 10. Nbc3 Ne7 11. Be3 O-O 12. Bc5 Re8 13. Nb5 Ne6 14. Ba3 Nc6
15. O-O Bf8 16. Bxf8 Rxf8 17. f4 b6 18. f5 Ba6 19. fxe6 Bxb5 20. exf7+ Kg7 21.
Rfc1 Nb4 22. Nc3 Ba6 23. Bf1 Bxf1 24. Rxf1 Rxf7 25. Rxf7+ Kxf7 26. Rf1+ Kg7 27.
Rd1 Rf8 28. Kg2 Rf7 29. Rd2 Nc6 30. Nb5 Nb4 31. a3 Nc6 32. Rd5 Re7 33. b4 Nb8
34. Rd8 Nd7 35. Nxa7 Nf6 36. Nc6 Re6 37. b5 Nxe4 38. Rd7+ Kg8 39. Ne7+ Kf8 40.
Nd5 Nd2 41. a4 Nc4 42. Kf3 e4+ 43. Ke2 h6 44. Rc7 Na5 45. Ke3 g5 46. h4 gxh4
47. gxh4 Rg6 48. h5 Rg5 49. Nxb6 Rxh5 50. Ra7 Rh3+ 51. Kxe4 Nb3 52. Nd7+ Ke7
53. b6 Nd2+ 54. Kf4 Rh4+ 55. Kg3 Rb4 56. b7 Ne4+ 57. Kf3 Ng5+ 1-0

[Event "43. Olimpiada Batumi 2018 Femenina"]
[Site "Batumi GEO"]
[Date "2018.10.01"]
[Round "7.2"]
[White "Gerasimova, Olga"]
[Black "Osmanodja, Filiz"]
[Result "0-1"]
[WhiteElo "2010"]
[BlackElo "2348"]
[PlyCount "90"]
[EventDate "2018.09.24"]
[EventType "team-swiss"]
[EventRounds "11"]
[EventCountry "GEO"]
[SourceTitle "Ajedrez en Madrid"]
[Source "lmi"]
[SourceDate "2018.09.24"]
[WhiteTeam "ICCD"]
[BlackTeam "Germany"]
[BlackTeamCountry "GER"]

1. e4 e5 2. Nf3 Nc6 3. Bb5 a6 4. Ba4 d6 5. d4 b5 6. Bb3 Nxd4 7. Nxd4 exd4 8.
Bd5 Rb8 9. Bc6+ Bd7 10. Bxd7+ Qxd7 11. Qxd4 Nf6 12. O-O Be7 13. c3 O-O 14. h3
Rfe8 15. Re1 c5 16. Qd3 Qc6 17. Bf4 Rbd8 18. Nd2 d5 19. e5 Nd7 20. Rad1 Nf8 21.
Bg3 c4 22. Qc2 b4 23. Nf3 Ne6 24. Bh4 Bxh4 25. Nxh4 bxc3 26. bxc3 d4 27. Qe4
Qc5 28. cxd4 Nxd4 29. Nf5 Nxf5 30. Qxf5 c3 31. Rd7 Rf8 32. Rxd8 Rxd8 33. Rc1
Rd2 34. Qf3 c2 35. Qa8+ Qf8 36. Qf3 Qe8 37. g3 h6 38. Kg2 Qxe5 39. Qa8+ Kh7 40.
Qc6 Qf5 41. Qf3 Qg6 42. Kf1 Qe6 43. Kg2 Qxa2 44. Qe4+ g6 45. Kf3 Qa3+ 0-1

[Event "43. Olimpiada Batumi 2018 Femenina"]
[Site "Batumi GEO"]
[Date "2018.10.01"]
[Round "7.3"]
[White "Hoolt, Sarah"]
[Black "Myronenko, Natalya"]
[Result "1-0"]
[WhiteElo "2355"]
[BlackElo "1919"]
[PlyCount "61"]
[EventDate "2018.09.24"]
[EventType "team-swiss"]
[EventRounds "11"]
[EventCountry "GEO"]
[SourceTitle "Ajedrez en Madrid"]
[Source "lmi"]
[SourceDate "2018.09.24"]
[WhiteTeam "Germany"]
[BlackTeam "ICCD"]
[WhiteTeamCountry "GER"]

1. e4 e5 2. Nf3 Nc6 3. d4 exd4 4. Nxd4 Bc5 5. Be3 Qf6 6. c3 Nge7 7. Bb5 O-O 8.
O-O Bb6 9. a4 Nxd4 10. cxd4 c6 11. Be2 d5 12. f3 Qg6 13. a5 Bc7 14. e5 Bh3 15.
Rf2 Nf5 16. Bf4 Ne7 17. Nd2 f6 18. Bg3 Bf5 19. f4 fxe5 20. fxe5 Be6 21. Bf4 Bf5
22. Nf1 Qe6 23. Ng3 Bg6 24. Bg4 Nf5 25. Bg5 Rf7 26. Qd3 Raf8 27. Raf1 h6 28.
Bd2 Nxg3 29. Bxe6 Bxd3 30. Rxf7 Nxf1 31. Rxf1+ 1-0

[Event "43. Olimpiada Batumi 2018 Femenina"]
[Site "Batumi GEO"]
[Date "2018.10.01"]
[Round "7.1"]
[White "Nouman, Amna"]
[Black "Milovic, Aleksandra"]
[Result "0-1"]
[WhiteElo "1909"]
[BlackElo "2176"]
[PlyCount "82"]
[EventDate "2018.09.24"]
[EventType "team-swiss"]
[EventRounds "11"]
[EventCountry "GEO"]
[SourceTitle "Ajedrez en Madrid"]
[Source "lmi"]
[SourceDate "2018.09.24"]
[WhiteTeam "United Arab Emirates"]
[BlackTeam "Montenegro"]
[WhiteTeamCountry "UAE"]
[BlackTeamCountry "MNE"]

1. e4 d5 2. exd5 Nf6 3. d4 Bg4 4. Be2 Bxe2 5. Qxe2 Qxd5 6. Nf3 Nc6 7. Nc3 Qh5
8. Be3 O-O-O 9. O-O-O e6 10. a3 Be7 11. h3 Nd5 12. Nb1 Nxe3 13. Qxe3 Bf6 14.
Nc3 Rd7 15. g4 Qa5 16. Ne4 Rhd8 17. Nxf6 gxf6 18. Qh6 f5 19. Kb1 Qd5 20. Ng5
Qc4 21. Nxh7 fxg4 22. hxg4 Nxd4 23. c3 Nf5 24. Qc1 Rxd1 25. Rxd1 Qe4+ 26. Ka1
Qxg4 27. Rxd8+ Kxd8 28. Ng5 Ke7 29. f3 Qg3 30. f4 Qe3 31. Qf1 Nd6 32. Nh7 a6
33. Qg2 Qc1+ 34. Ka2 Qxf4 35. Qg7 Kd7 36. Qg2 Qc4+ 37. Ka1 Qf4 38. Nf8+ Ke7 39.
Qg7 Qf6 40. Qg8 Ne8 41. Nh7 Qg7 0-1

[Event "43. Olimpiada Batumi 2018 Femenina"]
[Site "Batumi GEO"]
[Date "2018.10.01"]
[Round "7.2"]
[White "Stojanovic, Marija R"]
[Black "Al Maamari, Wafia Darwish"]
[Result "1-0"]
[WhiteElo "2113"]
[BlackElo "1774"]
[PlyCount "61"]
[EventDate "2018.09.24"]
[EventType "team-swiss"]
[EventRounds "11"]
[EventCountry "GEO"]
[SourceTitle "Ajedrez en Madrid"]
[Source "lmi"]
[SourceDate "2018.09.24"]
[WhiteTeam "Montenegro"]
[BlackTeam "United Arab Emirates"]
[WhiteTeamCountry "MNE"]
[BlackTeamCountry "UAE"]

1. e4 c5 2. b3 e6 3. Bb2 d5 4. exd5 exd5 5. Bb5+ Bd7 6. Qe2+ Qe7 7. Nc3 Nf6 8.
O-O-O Qxe2 9. Bxd7+ Kxd7 10. Ncxe2 d4 11. c3 dxc3 12. dxc3+ Kc7 13. c4 Ng4 14.
Nh3 Nc6 15. Nc3 Re8 16. Nd5+ Kb8 17. f3 Nge5 18. Nf2 f6 19. Rhe1 Be7 20. f4 Ng6
21. Ne4 b6 22. g3 Nf8 23. Nd6 Bxd6 24. Rxe8+ Kb7 25. Nxf6 Nd4 26. Ne4 Bc7 27.
Bxd4 cxd4 28. Rxd4 h5 29. h4 Ng6 30. Rxh8 Nxh8 31. Rd7 1-0

[Event "43. Olimpiada Batumi 2018 Femenina"]
[Site "Batumi GEO"]
[Date "2018.10.01"]
[Round "7.3"]
[White "Almaini, Aishah Sarhan"]
[Black "Koljevic, Nikolina"]
[Result "1/2-1/2"]
[WhiteElo "1490"]
[BlackElo "1898"]
[PlyCount "78"]
[EventDate "2018.09.24"]
[EventType "team-swiss"]
[EventRounds "11"]
[EventCountry "GEO"]
[SourceTitle "Ajedrez en Madrid"]
[Source "lmi"]
[SourceDate "2018.09.24"]
[WhiteTeam "United Arab Emirates"]
[BlackTeam "Montenegro"]
[WhiteTeamCountry "UAE"]
[BlackTeamCountry "MNE"]

1. d4 d5 2. c4 e6 3. Nc3 c5 4. cxd5 exd5 5. Nf3 Nc6 6. g3 Nf6 7. Bg2 Be7 8. O-O
O-O 9. Bg5 cxd4 10. Nxd4 h6 11. Be3 Bg4 12. Qa4 Na5 13. Rad1 Nc4 14. Bc1 Nb6
15. Qb5 a6 16. Qd3 Qd7 17. Nf3 Bh3 18. Be3 Bf5 19. Qd4 Nc4 20. Nxd5 Qxd5 21.
Qxd5 Nxd5 22. Rxd5 Nxe3 23. fxe3 Be6 24. Rd2 Bxa2 25. Nd4 Bg5 26. Nf5 Rfe8 27.
Bxb7 Ra7 28. Bc6 Bxe3+ 29. Nxe3 Rxe3 30. Kf2 Re6 31. Bf3 Bb3 32. Ra1 Rc7 33.
Ra3 Bc2 34. Rd8+ Kh7 35. Ra8 Rb6 36. R8xa6 Rxb2 37. Ra7 Rxa7 38. Rxa7 Bg6 39.
Re7 Rd2 1/2-1/2

[Event "43. Olimpiada Batumi 2018 Femenina"]
[Site "Batumi GEO"]
[Date "2018.10.01"]
[Round "7.4"]
[White "Rakic, Tijana"]
[Black "Mariam, Essa"]
[Result "0-1"]
[WhiteElo "1651"]
[BlackElo "1460"]
[PlyCount "66"]
[EventDate "2018.09.24"]
[EventType "team-swiss"]
[EventRounds "11"]
[EventCountry "GEO"]
[SourceTitle "Ajedrez en Madrid"]
[Source "lmi"]
[SourceDate "2018.09.24"]
[WhiteTeam "Montenegro"]
[BlackTeam "United Arab Emirates"]
[WhiteTeamCountry "MNE"]
[BlackTeamCountry "UAE"]

1. e4 c5 2. Nf3 e6 3. d4 cxd4 4. Nxd4 a6 5. Nc3 b5 6. a3 Bb7 7. Be3 Qc7 8. f3
Nf6 9. Qd2 Be7 10. Bd3 O-O 11. g4 Nc6 12. Nxc6 dxc6 13. h4 c5 14. h5 c4 15. g5
Nd7 16. Bf1 Ne5 17. Qf2 Rfd8 18. Bb6 Nxf3+ 19. Qxf3 Qxb6 20. g6 fxg6 21. hxg6
hxg6 22. Qh3 Bf6 23. Bg2 Rd6 24. Ne2 Rad8 25. Qh7+ Kf7 26. Rf1 Qe3 27. Rf3 Qd2+
28. Kf2 Qxc2 29. Rf4 Rd2 30. Re1 Qxb2 31. Qh4 Ke7 32. Rxf6 Qxf6+ 33. Qxf6+ gxf6
0-1

[Event "43. Olimpiada Batumi 2018 Femenina"]
[Site "Batumi GEO"]
[Date "2018.10.01"]
[Round "7.1"]
[White "Vanduyfhuys, Daria"]
[Black "Mencos Castillo, Maria"]
[Result "1-0"]
[WhiteElo "2058"]
[BlackElo "1888"]
[PlyCount "57"]
[EventDate "2018.09.24"]
[EventType "team-swiss"]
[EventRounds "11"]
[EventCountry "GEO"]
[SourceTitle "Ajedrez en Madrid"]
[Source "lmi"]
[SourceDate "2018.09.24"]
[WhiteTeam "Belgium"]
[BlackTeam "Guatemala"]
[WhiteTeamCountry "BEL"]
[BlackTeamCountry "GUA"]

1. d4 d5 2. c4 e6 3. Nf3 Nf6 4. Nc3 c6 5. Bg5 Nbd7 6. e3 Be7 7. Rc1 b6 8. cxd5
exd5 9. Bd3 O-O 10. O-O Bb7 11. Qe2 a6 12. Rfd1 c5 13. Bb1 Re8 14. a4 Rc8 15.
dxc5 bxc5 16. Ba2 h6 17. Bxf6 Nxf6 18. Qd2 Qb6 19. Nxd5 Bxd5 20. Bxd5 Nxd5 21.
Qxd5 Qxb2 22. Ne5 Rf8 23. Ng6 Rfd8 24. Nxe7+ Kf8 25. Qe4 Rxd1+ 26. Rxd1 Re8 27.
Qf5 Rxe7 28. Rd8+ Re8 29. Qxc5+ 1-0

[Event "43. Olimpiada Batumi 2018 Femenina"]
[Site "Batumi GEO"]
[Date "2018.10.01"]
[Round "7.2"]
[White "Cruz Lima, Kimberly Esmeralda"]
[Black "Barbier, Wiebke"]
[Result "0-1"]
[WhiteElo "1626"]
[BlackElo "1998"]
[PlyCount "48"]
[EventDate "2018.09.24"]
[EventType "team-swiss"]
[EventRounds "11"]
[EventCountry "GEO"]
[SourceTitle "Ajedrez en Madrid"]
[Source "lmi"]
[SourceDate "2018.09.24"]
[WhiteTeam "Guatemala"]
[BlackTeam "Belgium"]
[WhiteTeamCountry "GUA"]
[BlackTeamCountry "BEL"]

1. b3 Nf6 2. Bb2 d5 3. e3 e6 4. c4 c5 5. Nf3 Nc6 6. cxd5 exd5 7. d4 Bg4 8. Be2
cxd4 9. Nxd4 Bb4+ 10. Kf1 Bxe2+ 11. Nxe2 O-O 12. a3 Ba5 13. g3 Re8 14. Kg2 Rc8
15. Nbc3 Qd7 16. Rc1 a6 17. b4 Bc7 18. Nb1 Ne5 19. Nd2 Nd3 20. Rc2 Ng4 21. Rf1
Ndxf2 22. Qb1 Nxe3+ 23. Kxf2 Nxc2 24. Nf4 Bb6+ 0-1

[Event "43. Olimpiada Batumi 2018 Femenina"]
[Site "Batumi GEO"]
[Date "2018.10.01"]
[Round "7.3"]
[White "Barbier, Astrid"]
[Black "Mencos, Claudia"]
[Result "1/2-1/2"]
[WhiteElo "1894"]
[BlackElo "1996"]
[PlyCount "120"]
[EventDate "2018.09.24"]
[EventType "team-swiss"]
[EventRounds "11"]
[EventCountry "GEO"]
[SourceTitle "Ajedrez en Madrid"]
[Source "lmi"]
[SourceDate "2018.09.24"]
[WhiteTeam "Belgium"]
[BlackTeam "Guatemala"]
[WhiteTeamCountry "BEL"]
[BlackTeamCountry "GUA"]

1. e4 c5 2. Nc3 e6 3. f4 a6 4. Nf3 Nf6 5. g3 d5 6. d3 Nc6 7. Bg2 dxe4 8. Nxe4
Be7 9. O-O O-O 10. h3 Qc7 11. c3 b6 12. Kh2 Bb7 13. Be3 Rad8 14. Qc2 Rd7 15.
Rad1 Rfd8 16. Rfe1 Na5 17. Ne5 Rd5 18. Nxf6+ Bxf6 19. Bxd5 Bxd5 20. b3 h5 21.
c4 Bb7 22. d4 h4 23. Qf2 hxg3+ 24. Qxg3 Qe7 25. Rg1 Nc6 26. dxc5 bxc5 27. Rxd8+
Qxd8 28. Ng4 Nd4 29. Nxf6+ Qxf6 30. Bxd4 Qxd4 31. Rf1 Be4 32. Qf2 Qd3 33. Re1
Bf5 34. Qe3 Qd6 35. Re2 Qc7 36. Rd2 Qa5 37. Qf2 f6 38. Qe3 Qc7 39. Qg3 Be4 40.
h4 Kh7 41. Qe3 Bf5 42. Rg2 Qd6 43. Qd2 Qc7 44. Qf2 Qd6 45. Qg3 Qc7 46. a3 Be4
47. Rd2 Bf5 48. Qf3 Kh6 49. Rg2 Qd6 50. Qg3 Qc7 51. b4 cxb4 52. axb4 g6 53. c5
a5 54. bxa5 Qxa5 55. Qf2 Be4 56. Rg1 Qc3 57. Re1 Bd5 58. Rg1 Be4 59. Re1 Bd5
60. Rg1 Be4 1/2-1/2

[Event "43. Olimpiada Batumi 2018 Femenina"]
[Site "Batumi GEO"]
[Date "2018.10.01"]
[Round "7.4"]
[White "Mazariegos, Silvia Carolina"]
[Black "Cuvelier, Annelies"]
[Result "1-0"]
[WhiteElo "1922"]
[BlackElo "1809"]
[PlyCount "83"]
[EventDate "2018.09.24"]
[EventType "team-swiss"]
[EventRounds "11"]
[EventCountry "GEO"]
[SourceTitle "Ajedrez en Madrid"]
[Source "lmi"]
[SourceDate "2018.09.24"]
[WhiteTeam "Guatemala"]
[BlackTeam "Belgium"]
[WhiteTeamCountry "GUA"]
[BlackTeamCountry "BEL"]

1. d4 d5 2. c3 Nf6 3. Bf4 c6 4. e3 Bf5 5. Nf3 Nbd7 6. h3 h6 7. Bd3 Bxd3 8. Qxd3
e6 9. Nbd2 c5 10. O-O Be7 11. Bh2 O-O 12. Ne5 Nxe5 13. dxe5 Nd7 14. e4 Nb6 15.
Rfd1 Qc7 16. exd5 Nxd5 17. Ne4 a6 18. Qf3 Qc6 19. Qg4 Kh7 20. c4 Nb6 21. Qe2
Rad8 22. f4 f5 23. exf6 gxf6 24. f5 e5 25. Rxd8 Rxd8 26. Re1 Rg8 27. Kf1 Nc8
28. Rd1 b5 29. Qf3 Qc7 30. cxb5 axb5 31. Bg1 Nb6 32. Be3 Nc4 33. Bc1 Rd8 34.
Re1 Qb6 35. Qh5 Rd7 36. Qg6+ Kh8 37. Qxh6+ Kg8 38. Qg6+ Kh8 39. Bh6 Bd8 40.
Qe8+ Kh7 41. Qxd7+ Kxh6 42. Qf7 1-0